| 000 | 01036nam a2200277 c 4500 | ||
|---|---|---|---|
| 003 | BLK | ||
| 005 | 20230406030302.0 | ||
| 008 | 180411b bul|||||r ||||||| ||bul|| | ||
| 010 | _aKNG00197412000 | ||
| 040 | _aBLK | ||
| 041 |
_aBUL _cBUL |
||
| 080 |
_aБългарска литература _b821.163.2 _x-31 _z821.163.2-31 |
||
| 100 | 1 |
_aХарманджиев, Тодор _gХарманджиев, Тодор Александров, Илиев, Тодор Александров, Василев, Тодор Александров _cпоет, преводач _d1905-1993 _qИлиев, Тодор Александров _9249306 |
|
| 139 |
_aХарманджиев, Тодор _bХ 28 |
||
| 245 | 1 | 0 |
_aДалечното остава близко _bРоман _cТодор Харманджиев. |
| 257 | _aBGR | ||
| 260 |
_аСофия _bВоен. изд. _c1986 |
||
| 300 |
_a288 с. _c21 см |
||
| 380 | _aX | ||
| 500 | _aИзд. е кн. 3 от трилогията Възмездия от същия авт. - 13 735 тир. | ||
| 852 | _aЦб 142836 | ||
| 856 | 4 |
_qpdf _u |
|
| 856 | 4 |
_qpdf _u |
|
| 942 |
_cKNG _n0 |
||
| 944 |
_aCR _c05.12.2016 _kПравда_Бадева |
||
| 944 |
_aED _c05.12.2016 _kПравда_Бадева |
||
| 999 |
_c188394 _d188394 |
||